[Event "Ljubljana op"]
[Site "Ljubljana"]
[Date "2024.04.28"]
[Round "2"]
[White "Medvesek, Janez"]
[Black "Zlindra, Aljaz"]
[Result "0-1"]
[WhiteElo "1925"]
[BlackElo "1693"]
[PlyCount "82"]
[EventDate "2024.04.27"]
[EventType "swiss"]
[EventRounds "9"]
[EventCountry "SLO"]
[SourceTitle "CBM 220 Extra"]
[Source "ChessBase"]
[SourceDate "2024.07.31"]
[SourceVersion "1"]
[SourceVersionDate "2024.07.31"]
[SourceQuality "1"]

1. d4 Nf6 2. c4 e6 3. Nc3 d5 4. Bg5 Be7 5. e3 a6 6. Nf3 0-0 7. Qc2 h6 8. Bh4 dxc4 9. Bxc4 b5 10. Be2 Bb7 11. 0-0 Nbd7 12. Rfd1 Rc8 13. Ne5 Nxe5 14. Bxf6 Ng6 15. Bxe7 Qxe7 16. Ne4 Bxe4 17. Qxe4 c5 18. a4 f5 19. Qd3 c4 20. Qc2 Qb7 21. Bf3 Qb6 22. axb5 axb5 23. g3 e5 24. Bd5+ Kh8 25. b3 c3 26. b4 Qd6 27. dxe5 Qxb4 28. Be6 Rc7 29. Bxf5 Nxe5 30. Rdb1 Nf3+ 31. Kg2 Qc5 32. Kxf3 Qxf5+ 33. Qxf5 Rxf5+ 34. Ke2 Rd7 35. Ra2 Rfd5 36. Rc2 Rd2+ 37. Rxd2 Rxd2+ 38. Ke1 Rb2 39. Rc1 b4 40. h4 Ra2 41. e4 b3 0-1

[Event "Ljubljana op"]
[Site "Ljubljana"]
[Date "2024.04.27"]
[Round "1"]
[White "Subelj, Jan"]
[Black "Medvesek, Janez"]
[Result "1-0"]
[WhiteElo "2511"]
[BlackElo "1925"]
[PlyCount "81"]
[EventDate "2024.04.27"]
[EventType "swiss"]
[EventRounds "9"]
[EventCountry "SLO"]
[SourceTitle "CBM 220 Extra"]
[Source "ChessBase"]
[SourceDate "2024.07.31"]
[SourceVersion "1"]
[SourceVersionDate "2024.07.31"]
[SourceQuality "1"]

1. Nf3 d5 2. g3 Nf6 3. Bg2 e6 4. c4 Be7 5. 0-0 0-0 6. d4 dxc4 7. Qc2 a6 8. Qxc4 b5 9. Qc2 Bb7 10. Bd2 Be4 11. Qc1 Ra7 12. Nc3 Bb7 13. Be3 Nd5 14. Ne5 Qd6 15. Ne4 Qd8 16. a4 b4 17. Nc5 a5 18. Bd2 Ba8 19. e4 Nf6 20. Be3 Nfd7 21. Nxf7 Rxf7 22. Nxe6 Qc8 23. d5 c5 24. dxc6 Nxc6 25. Bxa7 Nxa7 26. Rd1 Ne5 27. Qxc8+ Nxc8 28. f4 Nc4 29. b3 Ne3 30. Rdc1 Nb6 31. Bh1 Rf6 32. Nc7 Rf8 33. Nxa8 Nxa8 34. h3 g5 35. Kf2 gxf4 36. gxf4 Ng4+ 37. hxg4 Rxf4+ 38. Ke2 Rf8 39. e5 Nb6 40. Rc6 Bd8 41. Rd1 1-0

[Event "Ljubljana-chT 75th"]
[Site "Ljubljana"]
[Date "2023.02.16"]
[Round "4.3"]
[White "Medvesek, Janez"]
[Black "Kamensek, Ivan"]
[Result "1-0"]
[WhiteElo "1825"]
[BlackElo "1676"]
[PlyCount "67"]
[EventDate "2023.01.12"]
[EventType "team-swiss"]
[EventRounds "9"]
[EventCountry "SLO"]
[SourceTitle "EXT 2024"]
[Source "ChessBase"]
[SourceDate "2023.10.10"]
[SourceVersion "1"]
[SourceVersionDate "2023.10.10"]
[SourceQuality "1"]
[WhiteTeam "Zagorje ob Savi"]
[BlackTeam "Visnja Gora Sticna"]
[WhiteTeamCountry "SLO"]
[BlackTeamCountry "SLO"]

1. d4 d5 2. c4 e6 3. Nc3 Nf6 4. Bg5 Be7 5. e3 0-0 6. Nf3 h6 7. Bh4 Nbd7 8. a3 b6 9. cxd5 exd5 10. Bd3 Bb7 11. 0-0 Ne4 12. Bxe7 Qxe7 13. Qc2 a6 14. b4 c5 15. bxc5 bxc5 16. dxc5 Ndxc5 17. Ne2 Rac8 18. Nfd4 f5 19. Rac1 Rc7 20. Rfd1 Nxf2 21. Nxf5 Qe5 22. Ned4 Nxd1 23. Qxd1 Ne6 24. Rxc7 Nxc7 25. Qg4 Qf6 26. h3 Re8 27. Qg3 Nb5 28. Nxb5 axb5 29. Bxb5 Rf8 30. Bd3 Bc8 31. Nd4 Kh8 32. a4 Ba6 33. Bf5 Rb8 34. Qxb8+ 1-0

[Event "SLO-ch"]
[Site "Otocec"]
[Date "2016.04.23"]
[Round "1"]
[White "Zupancic, Jernej"]
[Black "Medvesek, Janez"]
[Result "1-0"]
[WhiteElo "2179"]
[BlackElo "1507"]
[PlyCount "61"]
[EventDate "2016.04.23"]
[EventType "swiss"]
[EventRounds "9"]
[EventCountry "SLO"]
[SourceTitle "CBM 172 Extra"]
[Source "ChessBase"]
[SourceDate "2016.06.21"]
[SourceVersion "1"]
[SourceVersionDate "2016.06.21"]
[SourceQuality "1"]

1. d4 d5 2. c4 e6 3. Nf3 c6 4. g3 dxc4 5. Bg2 b5 6. 0-0 Bb7 7. a4 Nf6 8. Ne5 Qc8 9. b3 cxb3 10. Qxb3 a6 11. Bb2 Nbd7 12. Nd3 Be7 13. Ba3 Qd8 14. Rc1 Rc8 15. Nc3 Bxa3 16. Qxa3 Qb6 17. Rab1 Nd5 18. Ne4 Rf8 19. Nd6+ Kd8 20. Nxc8 Kxc8 21. e4 Nc7 22. Ne5 Rd8 23. Nxf7 Rf8 24. Nd6+ Kb8 25. axb5 cxb5 26. Nxb7 Kxb7 27. Qb2 a5 28. d5 e5 29. Rc6 Qa7 30. Rbc1 Rc8 31. d6 1-0

[Event "Ljubljana-chT 69th 1st League"]
[Site "Ljubljana"]
[Date "2016.03.10"]
[Round "6.2"]
[White "Mlacnik, Janez"]
[Black "Medvesek, Janez"]
[Result "0-1"]
[WhiteElo "1870"]
[BlackElo "1507"]
[PlyCount "108"]
[EventDate "2016.01.14"]
[EventType "team-tourn"]
[EventRounds "9"]
[EventCountry "SLO"]
[SourceTitle "EXT 2022"]
[Source "ChessBase"]
[SourceDate "2021.10.06"]
[SourceVersion "1"]
[SourceVersionDate "2021.10.06"]
[SourceQuality "1"]
[WhiteTeam "Ljubljana Karel Jeraj"]
[BlackTeam "Trbovlje Rudar"]
[WhiteTeamCountry "SLO"]
[BlackTeamCountry "SLO"]

1. e4 c5 2. Nc3 Nc6 3. f4 e6 4. Bc4 Nge7 5. d3 d5 6. Bb3 dxe4 7. Nxe4 Nf5 8. Nf3 Be7 9. 0-0 0-0 10. c3 b6 11. Qe2 Bb7 12. Bd2 Qc7 13. Rad1 Rad8 14. Bc1 Rd7 15. Ng3 Nxg3 16. hxg3 Bf6 17. g4 g6 18. g5 Bg7 19. Nh2 Ne7 20. Qg4 Rfd8 21. Qh3 Qc6 22. Ng4 Rxd3 23. Rxd3 Rxd3 24. Be3 Nf5 25. Rd1 Qe4 26. Rxd3 Qxd3 27. Bf2 Qxh3 28. gxh3 h5 29. Ne3 Nxe3 30. Bxe3 Kf8 31. Kf2 Ke7 32. Bd2 Bd5 33. Ke3 Kd6 34. Be1 b5 35. Bxd5 exd5 36. Kd3 Ke6 37. Bf2 c4+ 38. Ke2 a6 39. a3 Kf5 40. Kf3 Bf8 41. Bd4 Bd6 42. Be3 a5 43. Bd2 Bc5 44. Be3 Bxe3 45. Kxe3 Ke6 46. Kd4 Kd6 47. h4 a4 48. Ke3 Kc5 49. f5 d4+ 50. cxd4+ Kd5 51. fxg6 fxg6 52. Ke2 Kxd4 53. Kd2 Ke4 54. Kc3 Kf4 0-1